Cuentos de la selva /
Guardado en:
| Autor Principal: | |
|---|---|
| Formato: | Libro |
| Publicado: |
Buenos Aires :
Colihue,
1997
|
| Series: | Leer y crear
|
| Materias: | |
| Etiquetas: |
Agregar Etiqueta
Sin Etiquetas, Sea el primero en etiquetar este registro!
|
| LEADER | 01007nam a22002175a 4500 | ||
|---|---|---|---|
| 001 | CEM.cems013675 | ||
| 008 | 130507s1997##################000#0#####d | ||
| 005 | 20251111095332.0 | ||
| 245 | 1 | 0 | |a Cuentos de la selva / |c Horacio Quiroga |
| 260 | |a Buenos Aires : |b Colihue, |c 1997 | ||
| 300 | |a 137 p. | ||
| 490 | 0 | |a Leer y crear | |
| 505 | 0 | |a Cronología -- Introducción: Quiroga y la selva -- Quiroga y los animales -- Quiroga y los niños -- Los Cuentos de la Selva -- La Edición -- La tortuga gigante -- Las medias del flamenco -- El loro pelado -- La guerra de los yacarés -- La gama ciega -- Historia de los cachorros de coatí y de dos cachorros de hombre -- El paso del Yabebirí -- La abeja haragana | |
| 020 | |a 950581075X | ||
| 100 | 1 | |a Quiroga, Horacio | |
| 082 | 0 | 4 | |a A868.4 |
| 653 | |a Literatura | ||
| 653 | |a Literatura Uruguaya-siglo 20 | ||
| 653 | |a Cuentos | ||
| 859 | |a CEMS |b BIB. CEMS - 11 de abril |h U868.4 |i Q48-9 |p 26356.12 |t Ej.1 | ||
| 859 | |a CEMS |b BIB. CEMS - 11 de abril |h U868.4 |i Q48-9 |p 29337.22 |t Ej. 2 | ||
